书目信息 |
| 题名: |
插花
|
|
| 作者: | 王嫣嫣 , 王嫣嫣 主编 | |
| 分册: | ||
| 出版信息: | 长春 吉林文史出版社 2006 |
|
| 页数: | 187页 | |
| 开本: | 19cm | |
| 丛书名: | 中外艺术精粹 | |
| 单 册: | ||
| 中图分类: | J525.1 | |
| 科图分类: | ||
| 主题词: | 插花--基本知识 , 插花 | |
| 电子资源: | ||
| ISBN: | 7-80702-248-5 | |
| 000 | 00831oam2 2200277 45 | |
| 001 | 012006042901 | |
| 005 | 20061217091429.45 | |
| 010 | @a7-80702-248-5@dCNY29.80 | |
| 092 | @aCN@b492771 | |
| 100 | @a20060429d2006 em y0chiy0120 ea | |
| 101 | 0 | @achi |
| 102 | @aCN@b220000 | |
| 105 | @ay z 000yy | |
| 200 | 1 | @a插花@Acha hua@f王嫣嫣主编@Fwang yan yan zhu bian |
| 210 | @a长春@c吉林文史出版社@c吉林音像出版社@d2006 | |
| 215 | @a187页@d19cm | |
| 225 | 2 | @a中外艺术精粹 |
| 330 | @a本书主要内容:插花艺术概述;插花器材及器具;插花的基本方法;插花艺术的基本原理等。 | |
| 461 | 0 | @12001 @a中外艺术精粹 |
| 606 | 0 | @a插花@x基本知识 |
| 606 | 0 | @a插花 |
| 690 | @aJ525.1@v4 | |
| 701 | 0 | @a王嫣嫣@9wang yan yan@4主编 |
| 701 | 0 | @a王嫣嫣@Awang yan yan@4主编 |
| 801 | 0 | @aCN@bLZJBOOK@c20061217 |
| 905 | @a10447@dJ525.1@e189 | |
| 插花/王嫣嫣主编.-长春:吉林文史出版社:吉林音像出版社,2006 |
| 187页;19cm.-(中外艺术精粹) |
| ISBN 7-80702-248-5:CNY29.80 |
| 本书主要内容:插花艺术概述;插花器材及器具;插花的基本方法;插花艺术的基本原理等。 |
| ● |
| 相关链接 |
|
|
|
|
正题名:插花
索取号:J525.1/189
 
预约/预借
| 序号 | 登录号 | 条形码 | 馆藏地/架位号 | 状态 | 备注 |
| 1 | 0561085 | 205610855 | 第一样本阅览室/ [索取号:J525.1/189] | 在馆 | |
| 2 | 0561086 | 205610864 | 第一借阅区/ [索取号:J525.1/189] | 在馆 | |
| 3 | 0561087 | 205610873 | 第一借阅区/ [索取号:J525.1/189] | 在馆 | |
| 4 | 0561088 | 205610882 | 第一借阅区/ [索取号:J525.1/189] | 在馆 | |
| 5 | 0561089 | 205610891 | 第一借阅区/ [索取号:J525.1/189] | 在馆 | |
| 6 | 0561090 | 205610908 | 第一借阅区/ [索取号:J525.1/189] | 在馆 | |
| 7 | 0561091 | 205610917 | 第一借阅区/ [索取号:J525.1/189] | 在馆 |